Τα λαικά τραγούδια και τα κάλαντα της Σίφνου (1829-1980) : λαογραφική μελέτη με μια μεγάλη συλλογή των στιχουργημάτων
Saved in:
| Main Author: | |
|---|---|
| Format: | Book |
| Language: | Greek |
| Published: |
Αθήνα :
Ελληνικά Γράμματα,
1997
|
| Subjects: | |
| Tags: |
Add Tag
No Tags, Be the first to tag this record!
|
MARC
| LEADER | 00000nam a2200000 i 4500 | ||
|---|---|---|---|
| 001 | 1/73504 | ||
| 008 | 990317s1997 gre d | ||
| 020 | |a 960-344-299-2 | ||
| 035 | |l 10048823 | ||
| 040 | |a GR-MY-UA |b gre |e aacr | ||
| 041 | 0 | |a gre | |
| 082 | 0 | |a 390.949585 | |
| 100 | 1 | |a Σταφυλοπάτης, Νίκος Γ. | |
| 245 | 1 | 3 | |a Τα λαικά τραγούδια και τα κάλαντα της Σίφνου (1829-1980) : |b λαογραφική μελέτη με μια μεγάλη συλλογή των στιχουργημάτων / |c Νίκου Γ.Σταφυλοπάτη |
| 260 | |a Αθήνα : |b Ελληνικά Γράμματα, |c 1997 | ||
| 300 | |a 533 σ. | ||
| 650 | 0 | 0 | |a Folk songs, Greek |z Greece |z Siphnos Island. |
| 650 | 0 | 0 | |a Carols, Greek (Modern) |z Greece |z Siphnos Island. |
| 651 | 0 | |a Siphnos Island (Greece) |x Social life and customs. | |
| 852 | |a INST |b RHODES |e 19990317 |h 390.949585 ΣΤΑ |p 005400015433 |q 005400015433 |t BK |y 0 | ||
| 901 | |a BIBL-1999-1 | ||
| 909 | |a Ρ |b 064336 |c 1997 | ||
| 922 | |a 4ΔΩΡ |b 199903 | ||
| 970 | |z 2000/06/ΟΙΚΟΝΟΜΟΠΟΥΛΟΥ (SUBJECT) | ||